Największe miasta w Polsce na każdą literę - Statystyki

Ogólne statystyki
  • Ten quiz został rozwiązany 184 razy
  • Średni wynik to 20 z 26
Statystyki odpowiedzi
Litera Populacja Województwo Odpowiedź % Poprawnych
W 1 860 281 Mazowieckie Warszawa
97%
K 800 653 Małopolskie Kraków
96%
G 486 022 Pomorskie Gdańsk
95%
B 337 666 Kujawsko-Pomorskie Bydgoszcz
94%
Ł 670 642 Łódzkie Łódź
94%
L 334 681 Lubelskie Lublin
94%
P 546 859 Wielkopolskie Poznań
93%
O 127 839 Opolskie Opole
92%
S 396 472 Zachodniopomorskie Szczecin
91%
T 198 273 Kujawsko-Pomorskie Toruń
89%
E 117 952 Warmińsko-Mazurskie Elbląg
86%
R 209 296 Mazowieckie Radom
86%
C 217 530 Śląskie Częstochowa
85%
Z 170 924 Śląskie Zabrze
78%
I 71 674 Kujawsko-Pomorskie Inowrocław
77%
A 30 153 Podlaskie Augustów
73%
D 118 285 Śląskie Dąbrowa Górnicza
71%
N 83 558 Małopolskie Nowy Sącz
68%
F 2 415 Warmińsko-Mazurskie Frombork
65%
Ż 62 884 Śląskie Żory
64%
H 20 615 Podlaskie Hajnówka
56%
J 90 386 Śląskie Jaworzno
56%
M 74 559 Śląskie Mysłowice
56%
Ś 56 803 Dolnośląskie Świdnica
54%
Ć 2 977 Świętokrzyskie Ćmielów
47%
U 16 017 Śląskie Ustroń
31%
Nie znaleziono quizów pasujących do podanych kryteriów
Rozkład punktacji
Procent ludzi z każdym wynikiem
Percentyl według liczby udzielonych odpowiedzi
Twoja historia wyników
Nie rozwiązałeś tego quizu